Glosari budaya Malaysia : seni tenun

Bibliographic Details
Corporate Author: Dewan Bahasa dan Pustaka (Author)
Format: Book
Published: Kuala Lumpur : Dewan Bahasa dan Pustaka , 1993
Subjects:

MARC

LEADER 00000cam a2200000 7i4500
001 0000001271
005 20230111093000.0
008 021118s1993
020 |a 9836236546 
090 0 0 |a TT849   |b .G5 1993 
245 0 0 |a Glosari budaya Malaysia :   |b seni tenun 
260 2 |a Kuala Lumpur :   |b Dewan Bahasa dan Pustaka ,   |c 1993 
300 |a xiv, 53 ms. ; ;   |c 22 sm. 
650 0 |a Weaving   |z Malaysia   |x Dictionaries 
650 0 |a Textile fabrics   |z Malaysia   |x Dictionaries 
650 0 |a Hand weaving   |z Malaysia   |v Dictionaries 
710 0 0 |a Dewan Bahasa dan Pustaka   |e author 
999 |a 1000045374   |b Book   |c Close Access   |e Gong Badak Campus